| 000 | 00713nam a2200217Ia 4500 | ||
|---|---|---|---|
| 003 | GCL | ||
| 008 | 140319s9999 xx 000 0 ara d | ||
| 040 |
_aGCL / _cGCL |
||
| 082 | 0 | 4 |
_a339.43 _bه ا |
| 100 | 1 | _aالهيئة العامة للاستعلامات | |
| 245 | 1 | 0 |
_aالاستثمار فى مصر وازالة المعوقات امام المستثمرين / _cالهيئة العامة للاستعلامات |
| 260 |
_a[S.N] : _bالهيئة العامة للاستعلامات |
||
| 300 | _a106 | ||
| 490 | _a | ||
| 650 | 0 | 4 | _aمصر |
| 650 | 0 | 4 | _aالاقتصاد |
| 650 | 0 | 4 | _aالبنوك |
| 650 | 0 | 4 | _aالاستثمارات الخارجية |
| 650 | 0 | 4 | _aالقروض |
| 942 |
_2ddc _cBK |
||
| 999 |
_c54558 _d54558 |
||